Atatürk döneminde yabancı okullar (1923-1938) (Record no. 10772)

MARC details
000 -BAŞLIK
Sabit Uzunlukta Kontrol Alanı 00993na a2200301 4500
001 - KONTROL NUMARASI
Denetim Alanı 24256
003 - KONTROL NUMARASI IDENTIFIER
Denetim Alanı MIRAKIL
005 - SON İŞLEM TARİHİ VE ZAMANI
Denetim Alanı 20181213155333.0
008 - SABİT-BOY VERİ ELEMANLARI - GENEL BİLGİLER
Sabit Uzunlukta Kontrol Alanı 180903b tu 000 0
020 ## - ULUSLARARASI STANDART KİTAP NUMARASI
Uluslararası Standart Kitap Numarası 9789751626745
040 ## - KATALOGLAMA KAYNAK
Orijinal Kataloglama Ajansı Milas
Kataloglama Dili tur
Metne Dönüştürmek Ajansı TR-AnCHP
041 ## - DİL KODU
Metin / Ses Parça Veya Ayrı Başlığın Dil Kodu tur
082 ## - DEWEY ONLU SINIFLANDIRMA NUMARASI
Sınıflandırma Numarası ATA 370.9561024
Ürün Numarası A64a 2014
090 ## - SINIFLAMA NUMARASI
Sınıflama Numarası ATA 370.9561024 A64a 2014
100 ## - ANA GİRİŞ - KİŞİSEL İSİM
Kişisel Ad Arığ, Ayten sezer
245 ## - BAŞLIK TABLOSU
Başlık Atatürk döneminde yabancı okullar (1923-1938)
Sorumluluk Tablosu, Vb Ayten sezer Arığ
250 ## - EDITION TABLOSU
Baskı Beyanı 2. bs.
260 ## - YAYIN, DAĞITIM, VB
Yayın, Dağıtım, Vb Yeri Ankara
Yayıncı, Dağıtıcı, Vs Adı Türk Tarih Kurumu
Yayın, Dağıtım, Vb Tarihi 2014
300 ## - FİZİKSEL TANIM
Kapsam xiv, 198, [66] s.
Diğer Fiziksel Ayrıntıları res.; tbl.
Boyutlar 23 sm.
440 ## - SERİSİ TABLOSU / KATMA GİRİŞİ - BAŞLIK
Başlık AKDTYK Türk Tarih Kurumu yayınları
Hacim / Ardışık Tanımı XVI. dizi-sa 831
504 ## - KAYNAKÇA VB NOT
Kaynakça Vb Notu Kaynakça ve dizin var.
650 ## - KONU KATMA GİRİŞ - TOPİKAL DÖNEM
Topikal Süreli Veya Coğrafi Ad Giriş Elemanı Eğitim
Genel Alt Bölümü Türkiye
-- yabancı etkisi
650 ## - KONU KATMA GİRİŞ - TOPİKAL DÖNEM
Topikal Süreli Veya Coğrafi Ad Giriş Elemanı Misyonerler
Genel Alt Bölümü Türkiye
-- siyasi faliyetler
Kronolojik Alt Bölümü Tarih
650 ## - KONU KATMA GİRİŞ - TOPİKAL DÖNEM
Topikal Süreli Veya Coğrafi Ad Giriş Elemanı Azınlıklar
Genel Alt Bölümü Eğitim
Kronolojik Alt Bölümü Tarih
Coğrafi Alt Bölümü Türkiye
650 ## - KONU KATMA GİRİŞ - TOPİKAL DÖNEM
Topikal Süreli Veya Coğrafi Ad Giriş Elemanı Yabancı okullar
Genel Alt Bölümü Türkiye
Kronolojik Alt Bölümü Tarih
650 ## - KONU KATMA GİRİŞ - TOPİKAL DÖNEM
Topikal Süreli Veya Coğrafi Ad Giriş Elemanı Eğitim
Genel Alt Bölümü Türkiye
-- Tarih
942 ## - EKLENDİ GİRİŞ ELEMANLARI (KOHA)
Sınıflandırma Veya Raf Düzeni Kaynak Dewey Decimal Classification
Koha Öğesi Türü Books
999 ## - SİSTEM KONTROL NUMARALARI (KOHA)
Koha Biblionumber 10772
Koha Biblioitemnumber 10772
Holdings
Kalıcı Konum Mevcut Konum Edinme Tarihi Edinim Kaynak Toplam Check-Out'Lar Tam Çağrı Numarası Barkod Tarih Son Görülme İtibaren Geçerli Fiyatlar Koha Öğesi Türü
CHP Kütüphanesi CHP Kütüphanesi 09/03/2018 Bağış   ATA 370.9561024 A64a 2014 018348 09/03/2018 09/03/2018 Books